000 00545nmm a2200169Ia 4500
008 251105s9999||||xx |||||||||||||||||und||
020 _a9789587386134
041 _aspa
100 _aAmparo Rodríguez, Gloria
245 0 _aLos derechos de los pueblos indígenas de Colombia :
_b Luchas, contenido y relaciones
264 _a[Bogotá, Colombia] :
_bUniversidad del Rosario,
_c2015
300 _a173 páginas
490 _aTextos de Jurisprudencia
650 _aLaw
856 _uhttps://public.digitaliapublishing.com/a/46525
942 _cCF
999 _c95827
_d95827